[Event "London Chess Classic op 10th"]
[Site "London"]
[Date "2018.12.09"]
[Round "1"]
[White "Watkins, Sophie"]
[Black "Dyte, Alistair P"]
[Result "1-0"]
[WhiteElo "1271"]
[BlackElo "1599"]
[PlyCount "87"]
[EventDate "2018.12.09"]
[EventType "swiss"]
[EventRounds "5"]
[EventCountry "ENG"]
[SourceTitle "EXT 2021"]
[Source "ChessBase"]
[SourceDate "2020.10.23"]
[SourceVersion "1"]
[SourceVersionDate "2020.10.23"]
[SourceQuality "1"]

1. e4 g6 2. d4 Bg7 3. Nc3 c6 4. f4 d5 5. e5 Nh6 6. Nf3 f6 7. Be2 Bg4 8. Be3 e6 9. h3 Bxf3 10. Bxf3 Nd7 11. Qe2 b5 12. a3 f5 13. Kd2 Nb6 14. b3 Bf8 15. g4 b4 16. Nb1 Nd7 17. axb4 Bxb4+ 18. c3 Be7 19. g5 Nf7 20. h4 Qb6 21. Kc2 c5 22. Ra6 Qc7 23. Rxe6 Nb6 24. dxc5 Qd7 25. Rxe7+ Kxe7 26. cxb6 axb6 27. Kd1 Ra1 28. Qd3 Qa7 29. Ke2 Qa2+ 30. Nd2 Rxh1 31. Bxh1 Rd8 32. Bxb6 Rd7 33. Bxd5 Nd8 34. Qb5 Ne6 35. Bc5+ Nxc5 36. Qxc5+ Kd8 37. e6 Qa6+ 38. c4 Re7 39. b4 Rxe6+ 40. Bxe6 Qxe6+ 41. Qe3 Qc6 42. Qd4+ Ke8 43. Qe5+ Kd7 44. Qd5+ 1-0

[Event "London Classic op U1750 9th"]
[Site "London"]
[Date "2017.12.08"]
[Round "5"]
[White "Moss, David PG"]
[Black "Dyte, Alistair P"]
[Result "0-1"]
[WhiteElo "1442"]
[BlackElo "1727"]
[PlyCount "66"]
[EventDate "2017.12.04"]
[EventType "swiss"]
[EventRounds "5"]
[EventCountry "ENG"]
[SourceTitle "CBM 182 Extra"]
[Source "ChessBase"]
[SourceDate "2018.02.23"]
[SourceVersion "1"]
[SourceVersionDate "2018.02.23"]
[SourceQuality "1"]

1. e4 g6 2. Nc3 Bg7 3. Nf3 d6 4. h3 Nf6 5. d4 0-0 6. Be3 c6 7. Qd2 Qa5 8. Bd3 Nbd7 9. 0-0 e5 10. d5 Qc7 11. Rad1 cxd5 12. Nxd5 Nxd5 13. exd5 Nc5 14. Bxc5 Qxc5 15. Be2 Bd7 16. c3 Rae8 17. b4 Qc8 18. Rfe1 Qd8 19. Bd3 h6 20. b5 f5 21. Bf1 g5 22. c4 b6 23. Qb4 Qf6 24. a4 g4 25. Nh2 h5 26. Rd2 f4 27. Qa3 e4 28. Rde2 Qg6 29. g3 gxh3 30. Kh1 f3 31. Rd2 Qh6 32. Qe3 Qxe3 33. Rxe3 Bh6 0-1